Orientaciones para la catequesis en Chile

Bewaard in:
Bibliografische gegevens
Coauteur: Conferencia Episcopal de Chile (Auteur)
Formaat: Boek
Taal:Spaans
Gepubliceerd in: Santiago Comisión Nacional de Catequesis 2004
Editie:4a. ed
Reeks:Documento de Trabajo
Onderwerpen:
Tags: Voeg label toe
Geen labels, Wees de eerste die dit record labelt!

MARC

LEADER 00000nam a2200000 a 4500
001 UCK5461
003 CL-VaPUC
008 050805e20040000CL |||||||||||||||||spa|d
082 0 4 |a 268  |b CON  |2 21 
110 2 |a Conferencia Episcopal de Chile  |e author  |9 494222 
245 1 0 |a Orientaciones para la catequesis en Chile 
250 |a 4a. ed 
300 |a 124 p 
942 |c BK 
945 |d 20050805 00:00:00  |a cmena 
260 |a Santiago  |b Comisión Nacional de Catequesis  |c 2004 
650 0 |a Catequesis  |9 314526 
650 0 |a Educación religiosa   |9 308312 
650 0 |a Cristianismo  |9 257361 
650 7 |a EVANGELIZACION  |2 CL-VaPUC  |9 494223 
583 |a last modification  |c 20050805 00:00:00  |k Rodrigo Vera 
490 0 |a Documento de Trabajo 
999 |c 313973  |d 313971 
952 |0 0  |1 0  |4 0  |6 268_000000000000000_CON_2004  |7 0  |8 A  |9 385816  |a BIBTEO  |b BIBTEO  |d 2019-11-22  |i 4151224  |o 268 CON 2004  |p 4151224  |r 2025-01-17  |w 2019-11-22  |y BK  |k ICR 
952 |0 0  |1 0  |4 0  |6 268_000000000000000_CON_2004  |7 0  |8 A  |9 385817  |a BIBTEO  |b BIBTEO  |d 2019-11-22  |i 4151232  |o 268 CON 2004  |p 4151232  |r 2025-01-17  |w 2019-11-22  |y BK  |k ICR